Largest Trade Imbalance - Statistics

General Stats
  • This quiz has been taken 127 times
    77 since last reset
  • The average score is 32 of 40
Answer Stats
Economy Trade Balance Trading Partner % Correct
United States Deficit China
100%
Germany Deficit China
100%
United Kingdom Deficit China
100%
India Deficit China
100%
France Deficit China
100%
Italy Deficit China
100%
Canada Deficit China
100%
Brazil Surplus China
100%
Spain Deficit China
100%
Mexico Deficit China
100%
Netherlands Deficit China
100%
Netherlands Surplus Germany
97%
Switzerland Deficit Germany
97%
Saudi Arabia Deficit Germany
97%
Spain Surplus France
91%
Australia Surplus Japan
88%
Saudi Arabia Surplus Japan
88%
China Surplus United States
86%
Japan Surplus United States
86%
Germany Surplus United States
86%
India Surplus United States
86%
Italy Surplus United States
86%
Canada Surplus United States
86%
Australia Deficit United States
86%
Brazil Deficit United States
86%
Mexico Surplus United States
86%
Indonesia Surplus United States
86%
Switzerland Surplus United States
86%
Türkiye Deficit Russia
75%
South Korea Deficit Saudi Arabia
70%
Japan Deficit Australia
67%
Indonesia Deficit Australia
67%
China Deficit Taiwan
67%
United States Surplus Netherlands
61%
Russia Surplus Türkiye
55%
France Surplus Singapore
44%
Türkiye Surplus Iraq
39%
South Korea Surplus Vietnam
34%
Russia Deficit Austria
22%
United Kingdom Surplus Hong Kong
13%
No matching quizzes found
Score Distribution
Percent of People with Each Score
Percentile by Number Answered
Your Score History
You have not taken this quiz since the last reset